|
|
|
|
| LEADER |
00000nas a2200000 i 4500 |
| 001 |
ssj0001783584 |
| 003 |
WaSeSS |
| 005 |
20200512172242.0 |
| 006 |
m d |
| 007 |
cr n |
| 008 |
160714c20179999enkar os | a0eng |
| 010 |
|
|
|a 2016202996
|
| 015 |
|
|
|a GBB8A4879
|2 bnb
|
| 016 |
7 |
|
|a 101725597
|2 DNLM
|
| 016 |
7 |
|
|a 018041310
|2 Uk
|
| 022 |
|
|
|a 2473-4306
|l 2473-4306
|
| 035 |
|
|
|a (WaSeSS)ssj0001783584
|
| 037 |
|
|
|b Taylor & Francis Customer Service, Informa UK Ltd., Sheepen Place, Colchester, Essex CO3 3LP
|
| 040 |
|
|
|a DLC
|b eng
|e pn
|c DLC
|d VT2
|d OCLCF
|d NLM
|d DLC
|d OCLCO
|d UKMGB
|d OCLCA
|d OCL
|d OCLCO
|d WaSeSS
|
| 042 |
|
|
|a pcc
|a nsdp
|
| 050 |
1 |
4 |
|a RA1190
|
| 060 |
0 |
0 |
|a W1
|
| 082 |
1 |
0 |
|a 571.95
|2 23
|
| 210 |
1 |
0 |
|a Toxicol Commun
|2 dnlm
|
| 210 |
0 |
|
|a Toxicol. commun.
|
| 222 |
|
0 |
|a Toxicology communications
|
| 245 |
0 |
0 |
|a Toxicology communications
|h [electronic resource].
|
| 260 |
|
|
|a [London] :
|b Taylor & Francis Group,
|c [2017]-
|
| 310 |
|
|
|a Annual
|
| 362 |
1 |
|
|a Began with: Volume 1, Issue 1 (2017).
|
| 506 |
|
|
|a License restrictions may limit access.
|
| 588 |
|
|
|a Description based on: Volume 1, Issue 1 (2017); title from journal home page (publisher's website, viewed May 22, 2018).
|
| 588 |
|
|
|a Latest issue consulted: Volume 2, Issue 1 (2018) (viewed June 18, 2018).
|
| 650 |
|
0 |
|a Toxicology
|v Periodicals.
|
| 650 |
1 |
2 |
|a Toxicological Phenomena.
|
| 650 |
|
7 |
|a Toxicology.
|2 fast
|0 (OCoLC)fst01153364
|
| 655 |
|
0 |
|a Electronic journals.
|
| 710 |
2 |
|
|a Taylor & Francis.
|
| 856 |
4 |
0 |
|z Full text available from Research Library: 12/01/2017 to 12/31/2017
|u https://search.proquest.com/publication/3948570
|
| 856 |
4 |
0 |
|z Full text available from Research Library: 01/01/2019 to present
|u https://search.proquest.com/publication/3948570
|